| 000 | 00463nam a2200169Ia 4500 | ||
|---|---|---|---|
| 008 | 230917s9999||||xx |||||||||||||| ||und|| | ||
| 020 | _cRS 695.00 | ||
| 040 |
_e5008501 _aMAIN |
||
| 041 | _aEnglish | ||
| 082 | _a006.31 N144J | ||
| 100 | _aNair, Raji Ramakrishnan | ||
| 245 | 0 | _aJourney to the machine learning | |
| 260 |
_aNew Delhi _bThe Readers Paradise _c2022 |
||
| 300 | _a141 p. | ||
| 500 | _a5034 07/01/2023 FP23/198 19/01/2023 Main Budget | ||
| 942 | _cBK | ||
| 999 |
_c8587 _d8587 |
||